[Event "DSOL 07 Liga Gr-C 1st"]
[Site "Playchess.com INT"]
[Date "2020.07.07"]
[Round "3.4"]
[White "Akingboye, Queen"]
[Black "Nowak, Maksymilian"]
[Result "0-1"]
[WhiteElo "1000"]
[BlackElo "1000"]
[PlyCount "51"]
[EventDate "2020.06.22"]
[EventType "team-tourn (rapid)"]
[EventCountry "GER"]
[SourceTitle "EXT 2021"]
[Source "ChessBase"]
[SourceDate "2020.10.23"]
[SourceVersion "1"]
[SourceVersionDate "2020.10.23"]
[SourceQuality "1"]
[WhiteTeam "Brand SF II"]
[BlackTeam "Seelscheid"]
[WhiteTeamCountry "GER"]
[BlackTeamCountry "GER"]

1. Nf3 Nf6 2. d4 d5 3. e3 Bf5 4. c4 e6 5. Nc3 Nc6 6. cxd5 exd5 7. Nh4 Bg4 8. Nf3 Bd6 9. Bd3 0-0 10. a3 Qd7 11. h3 Bh5 12. 0-0 a6 13. Re1 h6 14. Bc2 Rae8 15. e4 dxe4 16. Nxe4 Bxf3 17. Nxf6+ gxf6 18. gxf3 Qxh3 19. Rxe8 Rxe8 20. f4 Nxd4 21. Be3 Nf3+ 22. Qxf3 Qxf3 23. Kh2 Bxf4+ 24. Bxf4 Qxf4+ 25. Kh3 Qxf2 26. Ba4 0-1